"Гуманітарна політика - це також захист України". Віце-прем'єр-міністр В'ячеслав Кириленко - про реформи у культурі, науці, видавничій справі та ... головах громадян (Запис № 405358)

МАРК-запис
000 -Лідер
fixed length control field 00770nam a22002177a 4500
003 - Ідентифікатор контрольного номера
control field UA-OsUOA
001 - Контрольний номер
control field 119403
007 - Фіксоване поле фізичного опису
fixed length control field ta
008 - Елементи даних фіксованої довжини – загальна інформація
fixed length control field 20161031b un ||||| |||| 00| 0 ukr d
090 ## - Локальний шифр розміщення
Класифікаційний індекс УДК 32
Авторський знак (НП) Г82
040 ## - Джерело каталогізації
Агенція оригінальної каталогізації UA-OsUOA
Мова каталогізації ukr
Агенція, яка здійснювала перезапис UA-OsUOA
Агенція, яка здійснювала модифікацію UA-OsUOA
041 ## - Код мови
Код мови тексту/ звукової доріжки чи окремого заголовка (П) ukr
080 ## - Індекс Універсальної десяткової класифікації
Індекс Універсальної десяткової класифікації (УДК) (НП) 32
100 ## - Основне введення – ім’я особи
Ім’я особи (НП) Гривінський Р.
245 ## - Відомості про назву
Назва (НП) "Гуманітарна політика - це також захист України". Віце-прем'єр-міністр В'ячеслав Кириленко - про реформи у культурі, науці, видавничій справі та ... головах громадян
300 ## - Фізичний опис
Обсяг С.14
650 #7 - Додаткове предметне введення – тематичний термін
Тематичний термін чи географічна назва, як елемент введення (НП) 32 Політика
Джерело заголовка чи терміна UDC
773 0# - Введення хост-одиниці (П)
Контрольний номер запису (П) 119402
942 ## - Додаткові елементи входу (Коха)
Тип елемента Koha Стаття періодики
955 ## - Код типу видання за змістом
Код типу видання за змістом (НП) інше

Немає доступних примірників.